Filters and drainage in geotechnical and environmental engineering (Record no. 1666)

000 -LEADER
fixed length control field 00607nam a22002057a 4500
001 - CONTROL NUMBER
control field 1666
003 - CONTROL NUMBER IDENTIFIER
control field BD-DhUET
008 - FIXED-LENGTH DATA ELEMENTS--GENERAL INFORMATION
fixed length control field 160404b xxu||||| |||| 00| 0 eng d
020 ## - INTERNATIONAL STANDARD BOOK NUMBER
International Standard Book Number 9058091465
040 ## - CATALOGING SOURCE
Transcribing agency 0
Modifying agency BD-DhUET
082 ## - DEWEY DECIMAL CLASSIFICATION NUMBER
Classification number 628.352
Item number INT/2000
111 ## - MAIN ENTRY--MEETING NAME
Meeting name or jurisdiction name as entry element International Conference on Geofilters 2000
245 ## - TITLE STATEMENT
Title Filters and drainage in geotechnical and environmental engineering
260 ## - PUBLICATION, DISTRIBUTION, ETC. (IMPRINT)
Place of publication, distribution, etc. Rotterdam
Name of publisher, distributor, etc. A. A. Balkema
Date of publication, distribution, etc. 2000
300 ## - PHYSICAL DESCRIPTION
Extent xi,396p.
504 ## - BIBLIOGRAPHY, ETC. NOTE
Bibliography, etc Includes bibliographies
650 #0 - SUBJECT ADDED ENTRY--TOPICAL TERM
Topical term or geographic name as entry element Filtration Geotechnical engineering - environment
700 ## - ADDED ENTRY--PERSONAL NAME
Personal name Mlynarek, Jacek
942 ## - ADDED ENTRY ELEMENTS (KOHA)
Koha item type Proceedings
Holdings
Withdrawn status Price effective from Sublocation or collection (holding branch) Not for loan Koha normalized classification for sorting Shelving location Date acquired Lost status Koha date last seen Location (home branch) Koha full call number Copy number Source of classification or shelving scheme Koha item type Damaged status Piece designation (barcode)
 2014-09-10Central Library, BUET 628_352000000000000_INT_2000Circulation section2014-09-10 2014-09-10Central Library, BUET628.352/INT/20001 Edited Book 96490
 2014-09-10Central Library, BUET 628_000000000000000_352INT2000Circulation section2014-09-10 2014-09-10Central Library, BUET628.352/INT/20002 Edited Book 96491
 2014-09-10Central Library, BUET 628_000000000000000_352INT2000Circulation section2014-09-10 2014-09-10Central Library, BUET628.352/INT/20003 Edited Book 96492
 2015-06-29Central Library, BUET 628_352000000000000_INT_2000Reading section2015-06-29 2015-06-29Central Library, BUET628.352/INT/20004 Proceedings 96489
 2015-11-08Central Library, BUET 628_352000000000000_INT_2000Reference section2015-11-08 2015-11-08Central Library, BUET628.352/INT/20005 Proceedings 96488